000 01244nam a2200301Ia 4500
000 nam a22 i 4500
001 UNACH-9774
007 ta
008 221212s ||||fr|||| 00| | spa d
020 _a978-6-07-170543-3
041 0 _aspa
082 0 4 _a371.3
_bDidáctica o dirección de Aprendizaje
100 1 _aVelásquez Navarro, José de Jesús,
_eautor
240 1 0 _aLa importancia de los ambientes lúdicos de aprendizaje para la educación de las nuevas generaciones
245 1 0 _aJuegos y canciones para el aula preescolar
264 3 1 _a[México, D.F.] :
_aMéxico :
_bTrillas,
_c2010
300 _a106 páginas :
_bilustraciones
336 _atexto
_btxt
_2rdacontent
337 _ano mediado
_bn
_2rdamedia
338 _avolumen
_bnc
_2rdacarrier
504 _aIncluye Prólogo, Presentación, Índice de contenido.
505 0 _aTrascendencia de los ambientes lúdicos para el aprendizaje en preescolar.-- El juegos en el nivel preescolar: una alternativa para la educación de hoy.-- Juegos que promueven el desarrollo personal y social.--Ludicantos: canciones que se juegan o juegos que se cantan.
650 1 4 _aAPRENDIZAJE
650 2 4 _aCANCION PSICOLOGICA
650 2 4 _aJUEGOS
942 _2ddc
_c1
_n0
999 _c7963
_d7963